<?xml version="1.0" encoding="UTF-8"?>
<record
    xmlns:xsi="http://www.w3.org/2001/XMLSchema-instance"
    xsi:schemaLocation="http://www.loc.gov/MARC21/slim http://www.loc.gov/standards/marcxml/schema/MARC21slim.xsd"
    xmlns="http://www.loc.gov/MARC21/slim">

  <leader>01944nam a2200385 a 4500</leader>
  <controlfield tag="001">000025077</controlfield>
  <controlfield tag="005">20240513201349.0</controlfield>
  <controlfield tag="008">110201s1989    ag a    r     000 | spa d</controlfield>
  <datafield tag="020" ind1=" " ind2=" ">
    <subfield code="a">9506940797</subfield>
  </datafield>
  <datafield tag="040" ind1=" " ind2=" ">
    <subfield code="a">DO-SdBNP</subfield>
    <subfield code="b">spa</subfield>
    <subfield code="c">BNPHU</subfield>
  </datafield>
  <datafield tag="082" ind1=" " ind2=" ">
    <subfield code="a">303.4</subfield>
    <subfield code="b">B877e</subfield>
  </datafield>
  <datafield tag="100" ind1="1" ind2=" ">
    <subfield code="a">Brown, Lester Russell</subfield>
    <subfield code="9">51456</subfield>
  </datafield>
  <datafield tag="240" ind1="1" ind2="0">
    <subfield code="a">State of the world 1989.</subfield>
    <subfield code="l">Espa&#xF1;ol</subfield>
  </datafield>
  <datafield tag="245" ind1="1" ind2="3">
    <subfield code="a">El estado del mundo :</subfield>
    <subfield code="b">1989 /</subfield>
    <subfield code="c">Lester Russell Brown ; Alan Durning ... [et al.] ; traducci&#xF3;n Cecilia Absatz.</subfield>
  </datafield>
  <datafield tag="260" ind1=" " ind2=" ">
    <subfield code="a">Buenos Aires, (Argentina) :</subfield>
    <subfield code="b">Grupo Editor Latinoamericano,</subfield>
    <subfield code="c">1989.</subfield>
  </datafield>
  <datafield tag="300" ind1=" " ind2=" ">
    <subfield code="a">378 p. :</subfield>
    <subfield code="b">il. ;</subfield>
    <subfield code="c">23 cm.</subfield>
  </datafield>
  <datafield tag="490" ind1="1" ind2=" ">
    <subfield code="a">Estudios Pol&#xED;ticos y Sociales</subfield>
    <subfield code="v">212. 183</subfield>
  </datafield>
  <datafield tag="504" ind1=" " ind2=" ">
    <subfield code="a">Incluye notas : p. 323-378</subfield>
  </datafield>
  <datafield tag="505" ind1="0" ind2=" ">
    <subfield code="t">Prefacio</subfield>
    <subfield code="t">Reconocimientos</subfield>
    <subfield code="t">Un mundo en peligro /</subfield>
    <subfield code="r">Lester R. Brown, Christopher Flavin y Sandra Postel</subfield>
    <subfield code="t">Detener la degradaci&#xF3;n de la tierra /</subfield>
    <subfield code="r">Sandra Postel</subfield>
    <subfield code="t">Reexaminar la perspectiva alimentaria del mundo /</subfield>
    <subfield code="r">Lester R. Brown</subfield>
    <subfield code="t">Abandonar la tierra natal /</subfield>
    <subfield code="r">Jodi L. Jacobson</subfield>
    <subfield code="t">Proteger la capa de ozono /</subfield>
    <subfield code="r">Cynthia Pollock Shea</subfield>
    <subfield code="t">Respuesta al sida /</subfield>
    <subfield code="r">Michael Renner</subfield>
    <subfield code="t">Reforzar la seguridad mundial /</subfield>
    <subfield code="r">Lori Heise</subfield>
    <subfield code="t">Movilizaci&#xF3;n a nivel popular /</subfield>
    <subfield code="r">Michael Renner</subfield>
    <subfield code="t">Reflexi&#xF3;n a nivel popular /</subfield>
    <subfield code="r">Alan B. Durning</subfield>
    <subfield code="t">Perfilar un plan de acci&#xF3;n global /</subfield>
    <subfield code="r">Lester R. Brown, Christopher Flavin y Sandra Postel</subfield>
  </datafield>
  <datafield tag="534" ind1=" " ind2=" ">
    <subfield code="a">T&#xED;tulo original en ingl&#xE9;s :</subfield>
    <subfield code="t">State of the world 1989</subfield>
  </datafield>
  <datafield tag="650" ind1=" " ind2="0">
    <subfield code="a">Cambio social</subfield>
    <subfield code="9">1661</subfield>
  </datafield>
  <datafield tag="650" ind1=" " ind2="4">
    <subfield code="a">Evoluci&#xF3;n social</subfield>
    <subfield code="9">2422</subfield>
  </datafield>
  <datafield tag="650" ind1=" " ind2="0">
    <subfield code="a">Desarrollo de la comunidad</subfield>
    <subfield code="9">453</subfield>
  </datafield>
  <datafield tag="700" ind1="1" ind2=" ">
    <subfield code="a">Durning, Alan</subfield>
    <subfield code="9">51457</subfield>
  </datafield>
  <datafield tag="700" ind1="1" ind2=" ">
    <subfield code="a">Flavin, Christopher</subfield>
    <subfield code="9">48279</subfield>
  </datafield>
  <datafield tag="700" ind1="1" ind2=" ">
    <subfield code="a">Heise , Lori</subfield>
    <subfield code="9">51458</subfield>
  </datafield>
  <datafield tag="700" ind1="1" ind2=" ">
    <subfield code="a">Jacobson, Jodi</subfield>
    <subfield code="9">51459</subfield>
  </datafield>
  <datafield tag="700" ind1="1" ind2=" ">
    <subfield code="a">Postel, Sandra</subfield>
    <subfield code="9">48280</subfield>
  </datafield>
  <datafield tag="700" ind1="1" ind2=" ">
    <subfield code="a">Renner, Michael</subfield>
    <subfield code="9">51460</subfield>
  </datafield>
  <datafield tag="700" ind1="1" ind2=" ">
    <subfield code="a">Shea, Cynthia Pollock</subfield>
    <subfield code="9">51461</subfield>
  </datafield>
  <datafield tag="700" ind1="1" ind2=" ">
    <subfield code="a">Starke, Linda</subfield>
    <subfield code="9">51462</subfield>
  </datafield>
  <datafield tag="700" ind1="1" ind2=" ">
    <subfield code="a">Absatz, Cecilia,</subfield>
    <subfield code="e">tr.</subfield>
    <subfield code="9">51463</subfield>
  </datafield>
  <datafield tag="830" ind1=" " ind2="0">
    <subfield code="a">Estudios Pol&#xED;ticos y Sociales ;</subfield>
    <subfield code="v">212. 183</subfield>
    <subfield code="9">28833</subfield>
  </datafield>
  <datafield tag="049" ind1=" " ind2=" ">
    <subfield code="a">BNGR</subfield>
  </datafield>
  <datafield tag="952" ind1=" " ind2=" ">
    <subfield code="0">0</subfield>
    <subfield code="1">0</subfield>
    <subfield code="5">4</subfield>
    <subfield code="7">0</subfield>
    <subfield code="8">MO</subfield>
    <subfield code="a">GR</subfield>
    <subfield code="b">GR</subfield>
    <subfield code="c">CT</subfield>
    <subfield code="d">2011-02-09</subfield>
    <subfield code="i">LF1</subfield>
    <subfield code="l">0</subfield>
    <subfield code="o">303.4 B877e</subfield>
    <subfield code="p">25077-10</subfield>
    <subfield code="r">2020-06-25</subfield>
    <subfield code="w">2020-06-25</subfield>
    <subfield code="y">4</subfield>
    <subfield code="Z">Pr&#xE9;stamo en sala</subfield>
  </datafield>
  <datafield tag="999" ind1=" " ind2=" ">
    <subfield code="c">24570</subfield>
    <subfield code="d">24570</subfield>
  </datafield>
</record>
